000
00311 a2200109 4500
001
ART_54460
005
20260410161811.0
008
260409a
245
1
0
_a
Paridad de género
100
1
_a
Camerini, Marcelo A.
773
0
_t
Doctrina Societaria y Concursal
_g
- N° 407 (oct. 2021)
_w
REV4298
999
_c
21453
_d
21453